Příručka moderního manažera aneb jak vést sám sebe

Na minha lista:
Detalhes bibliográficos
Autor principal: Ždímal, Milan
Formato: Livro
Idioma:tcheco
Publicado em: Praha Management Press 1992
Edição:1. vyd.
Assuntos:
Tags: Adicionar Tag
Sem tags, seja o primeiro a adicionar uma tag!

MARC

LEADER 00000nam a2200000 4500
001 c001984
005 20221214090449.9
020 |a 80-85603-23-3 
041 0 |a cze 
044 |a CZ 
245 1 0 |a Příručka moderního manažera aneb jak vést sám sebe  |c Milan Ždímal 
250 |a 1. vyd. 
264 1 |a Praha  |b Management Press  |c 1992 
300 |a 116 s. 
610 2 0 |a manažéri 
610 2 0 |a vedenie 
610 2 0 |a informácie 
610 2 0 |a procesy sociálne 
610 2 0 |a manažment 
100 1 |a Ždímal, Milan